000 00899nas a2200301 4500
001 BR0301823
003 BR-BrBNA
005 20231205103704.0
007 ta
008 230509b bl.|||p| |||| 00| 00por d
040 _aBR-BrBNA
_bpor
_cBiblioteca Nacional de Agricultura
041 _a(Pt)
072 _aJ11; Q04
100 1 _aMiranda, M.R.A. de
100 1 _aSilva, F.S. da
100 1 _aAlves, R.E.
100 1 _aFilgueiras, H.A.C.
100 1 _aAraújo, N.C.C.
245 1 _aArmazenamento de dois tipos de sapoti sob condição de ambiente
650 _aSAPOTI
650 _aARMAZENAMENTO DE ALIMENTO
650 _aCOMPOSIÇÃO DE ALIMENTO
650 _aQUALIDADE
650 _aCEARÁ
773 0 _tRevista Brasileira de Fruticultura (Brazil)
_xISSN 0100-2945
_g(Dec 2002), v. 24(3) p. 644-646
_wBR0301823
909 _a202311
_bLúcia
_c55
_dLúcia Elande
942 _2AGRIS
_n0
_cANA
999 _c174224
_d174224